<?xml version="1.0" encoding="UTF-8"?>
<record
    xmlns:xsi="http://www.w3.org/2001/XMLSchema-instance"
    xsi:schemaLocation="http://www.loc.gov/MARC21/slim http://www.loc.gov/standards/marcxml/schema/MARC21slim.xsd"
    xmlns="http://www.loc.gov/MARC21/slim">

  <leader>01203nam a2200277 a 4500</leader>
  <controlfield tag="001">BRCA_157</controlfield>
  <controlfield tag="005">20190320202914.0</controlfield>
  <controlfield tag="008">010118s2001    caua---##b---#001-0#eng-#</controlfield>
  <datafield tag="020" ind1=" " ind2=" ">
    <subfield code="a">0826324274</subfield>
  </datafield>
  <datafield tag="040" ind1=" " ind2=" ">
    <subfield code="a">DLC</subfield>
    <subfield code="c">DLC</subfield>
    <subfield code="d">DLC</subfield>
  </datafield>
  <datafield tag="050" ind1=" " ind2="4">
    <subfield code="a">F1219.3</subfield>
    <subfield code="b">.F54 2001</subfield>
  </datafield>
  <datafield tag="100" ind1="1" ind2=" ">
    <subfield code="a">Fields, Virginia M.</subfield>
    <subfield code="9">602</subfield>
  </datafield>
  <datafield tag="245" ind1="1" ind2="0">
    <subfield code="a">The Road to Aztlan</subfield>
    <subfield code="b">Art from a Mythic Homeland</subfield>
    <subfield code="c">Virginia Fields, Victor Zamudio-Taylor ; with contributions by Mich&#xE8;le Beltran ... [et al.].</subfield>
  </datafield>
  <datafield tag="260" ind1=" " ind2=" ">
    <subfield code="a">Los &#xC1;ngeles</subfield>
    <subfield code="b">Los Angeles County Museum of Art</subfield>
    <subfield code="c">c2001</subfield>
  </datafield>
  <datafield tag="300" ind1=" " ind2=" ">
    <subfield code="a">424 p.</subfield>
    <subfield code="b">il. a color, mapas</subfield>
    <subfield code="c">25 cm.</subfield>
  </datafield>
  <datafield tag="500" ind1=" " ind2=" ">
    <subfield code="a">Cat&#xE1;logo de la exposici&#xF3;n realizada en Los Angeles County Museum of Art, 2001</subfield>
  </datafield>
  <datafield tag="504" ind1=" " ind2=" ">
    <subfield code="a">Bibliograf&#xED;a: p. 400-412</subfield>
  </datafield>
  <datafield tag="610" ind1="2" ind2="4">
    <subfield code="a">Los Angeles County Museum of Art</subfield>
    <subfield code="v">Exposiciones</subfield>
    <subfield code="z">California (Estados Unidos)</subfield>
    <subfield code="9">603</subfield>
  </datafield>
  <datafield tag="650" ind1="1" ind2="4">
    <subfield code="a">Aztl&#xE1;n</subfield>
    <subfield code="v">Exposiciones</subfield>
    <subfield code="9">604</subfield>
  </datafield>
  <datafield tag="650" ind1="1" ind2="4">
    <subfield code="a">Ind&#xED;genas de M&#xE9;xico</subfield>
    <subfield code="v">Exposiciones</subfield>
    <subfield code="x">Comercio</subfield>
    <subfield code="9">605</subfield>
  </datafield>
  <datafield tag="650" ind1="1" ind2="4">
    <subfield code="a">Ind&#xED;genas de M&#xE9;xico</subfield>
    <subfield code="v">Exposiciones</subfield>
    <subfield code="x">Migraci&#xF3;n</subfield>
    <subfield code="9">606</subfield>
  </datafield>
  <datafield tag="650" ind1="1" ind2="4">
    <subfield code="a">Ind&#xED;genas de M&#xE9;xico</subfield>
    <subfield code="v">Fuentes</subfield>
    <subfield code="x">Historia</subfield>
    <subfield code="9">607</subfield>
  </datafield>
  <datafield tag="650" ind1="1" ind2="4">
    <subfield code="a">Ind&#xED;genas de Am&#xE9;rica del Norte</subfield>
    <subfield code="v">Exposiciones</subfield>
    <subfield code="x">Comercio</subfield>
    <subfield code="z">Nuevo Sudoeste</subfield>
    <subfield code="9">608</subfield>
  </datafield>
  <datafield tag="700" ind1="1" ind2=" ">
    <subfield code="a">Zamudio-Taylor, Victor</subfield>
    <subfield code="9">609</subfield>
  </datafield>
  <datafield tag="942" ind1=" " ind2=" ">
    <subfield code="2">lcc</subfield>
    <subfield code="c">B</subfield>
  </datafield>
  <datafield tag="999" ind1=" " ind2=" ">
    <subfield code="c">136</subfield>
    <subfield code="d">136</subfield>
  </datafield>
  <datafield tag="952" ind1=" " ind2=" ">
    <subfield code="0">0</subfield>
    <subfield code="1">0</subfield>
    <subfield code="4">0</subfield>
    <subfield code="7">0</subfield>
    <subfield code="a">BRCA</subfield>
    <subfield code="b">BRCA</subfield>
    <subfield code="d">2008-06-25</subfield>
    <subfield code="l">0</subfield>
    <subfield code="o">F1219.3 .F54 2001</subfield>
    <subfield code="p">00218</subfield>
    <subfield code="r">2019-03-22 00:00:00</subfield>
    <subfield code="w">2019-03-22</subfield>
    <subfield code="y">B</subfield>
  </datafield>
</record>
